000 01044cab a2200241 4500
001 X2518
008 090401t1995 xxu||||| |||| 00| 0 eng d
035 _a(Sirsi) u24779
041 _aeng
245 _aDartmoor National Park Authority`s Order
260 _c1995
350 _a0
490 _aPlanning Appeal Decisions
_v(1995) 10 PAD 502-508 (7)
520 _aMInerals Prohibition Order - no resumption of minieral working in quarry - matters to be taken into account in deciding whether or not to confirm order - all relevant evidence - no substantial working for at least two years - resumption unlikely - first inquiry in England into a minerals prohibition order - loose stone in heaps not a `stockpile`.
650 _aDARTMOOR NATIONAL PARK AUTHORITYS ORDER
650 _aMINERALS PROHIBITION ORDER
650 _aNATIONAL PARK AUTHORITY
650 _aPLANNING AND COMPENSATION ACT 1991
650 _aTOWN AND COUNTRY PLANNING ACT 1990
690 _aPLANNING LAW AND PRACTICE-CASE LAW
942 _n0
948 _c04/03/1997
999 _c16625
_d16625